000 00727 a2200205 4500
999 _c5345
_d5345
020 _a0838566383
050 0 0 _aRT85 BAN 1995
100 1 _aBandman, Elsie L.
_eauthor
245 1 0 _aNursing ethics through the life span /
_cElsie L. Bandman, Bertram Bandman.
250 _a3rd ed.
264 _aStamford, Connecticut :
_bAppleton & Lange
_c1995
300 _ax, 341 p. :
_bill. ;
500 _aIncludes bibliographical references and index.
504 _aIncludes bibliographical references and index.
650 0 _aNursing ethics.
650 1 2 _aEthics, Nursing.
700 1 _aBandman, Bertram.
_eauthor
942 _2lcc
_cBK
_h85
_iBAN
_kRT